Trendy racionalizace palivoenergetického hospodářství v průmyslu stavebních hmot

Guardado en:
Detalles Bibliográficos
Autor principal: Bažantová, Štěpánka
Formato: Libro
Lenguaje:checo
Publicado: Praha Ústředí vědeckých, technických a ekonomických informací 1987
Etiquetas: Agregar Etiqueta
Sin Etiquetas, Sea el primero en etiquetar este registro!

MARC

LEADER 00000nam a2200000 4500
001 c029821
005 20250520085806.2
041 0 |a cze 
044 |a CZ 
245 1 0 |a Trendy racionalizace palivoenergetického hospodářství v průmyslu stavebních hmot  |c Štěpánka Bažantová 
264 1 |a Praha  |b Ústředí vědeckých, technických a ekonomických informací  |c 1987 
300 |a 102 s. 
100 1 |a Bažantová, Štěpánka